000 00434nam a2200169Ia 4500
008 180921t2020 xxu||||| |||| 00| 1 sin d
041 _asin
080 _aX8C31
_bTHA
100 _aThambavita, Thanuja Lumbini
245 _aතත්තකාර
246 _aThaththakara
260 _bSayura Prakashana
_aKiriwaththuduva
_c2020
300 _a160p., 21cm
942 _cBK
999 _c8753
_d8753
003 LK-CoDNM
040 _aLK-CoDNM
_dLK-CoDNM
_eLK-CoDNM